Vertical distribution and annual dynamics of the fine roots biomass of Hevea brasiliensis of various ages (Record no. 72158)

MARC details
000 -LEADER
fixed length control field 00609nam a2200193Ia 4500
100 ## - MAIN ENTRY--AUTHOR NAME
Personal name Wang Zhenhui
245 #0 - TITLE STATEMENT
Title Vertical distribution and annual dynamics of the fine roots biomass of Hevea brasiliensis of various ages
260 ## - PUBLICATION, DISTRIBUTION, ETC. (IMPRINT)
Name of publisher IRRDB Natural Rubber Conference 2008, 13-15 October 2008, Kuala Lumpur, Malaysia: Abstract of papers
500 ## - GENERAL NOTE
General note Source Year: 2008
650 ## - SUBJECT ADDED ENTRY--TOPICAL TERM
Topical Term Biomass
650 ## - SUBJECT ADDED ENTRY--TOPICAL TERM
Topical Term Dynamics
650 ## - SUBJECT ADDED ENTRY--TOPICAL TERM
Topical Term Fine root
700 ## - ADDED ENTRY--PERSONAL NAME
Personal name Chen Qiubo
700 ## - ADDED ENTRY--PERSONAL NAME
Personal name Lin Xihao
700 ## - ADDED ENTRY--PERSONAL NAME
Personal name Yang Lifu
856 ## - ELECTRONIC LOCATION AND ACCESS
Uniform Resource Identifier Abst only
942 ## - ADDED ENTRY ELEMENTS (KOHA)
Koha item type Journals
Holdings
Withdrawn status Lost status Damaged status Not for loan Home library Current library Shelving location Date acquired Koha item type
      Journals RRII Library RRII Library Plant physiology 29/01/2009 Journals